The Economics of Industries and Firms. (Record no. 4046)
[ view plain ]
| 000 -LEADER | |
|---|---|
| fixed length control field | 00341nam a22001337a 4500 |
| 008 - FIXED-LENGTH DATA ELEMENTS--GENERAL INFORMATION | |
| fixed length control field | 250702b |||||||| |||| 00| 0 eng d |
| 020 ## - INTERNATIONAL STANDARD BOOK NUMBER | |
| ISBN | 0312236646 |
| 100 ## - MAIN ENTRY--AUTHOR | |
| Author | SAWYER C. Malcom |
| 245 ## - TITLE STATEMENT | |
| Title | The Economics of Industries and Firms. |
| 260 ## - PUBLICATION, DISTRIBUTION, ETC. (IMPRINT) | |
| Place of publication | New York |
| Name of publisher | St. Martins Press |
| Date of publication | 1981 |
| 300 ## - COLLATION | |
| Pagination | 287p. |
| 942 ## - ADDED ENTRY ELEMENTS (KOHA) | |
| Item type | Books |
| 050 ## - LIBRARY OF CONGRESS CALL NUMBER | |
| Classification number | HD2326 |
| Item number | .S39 |
| Source of classification or shelving scheme | Not for loan | Permanent location | Current location | Date acquired | Accession No. | Full call number | Barcode. | Koha item type |
|---|---|---|---|---|---|---|---|---|
| Library of Congress Classification | Samuel Ogbemudia Main Library, University of Abuja | Samuel Ogbemudia Main Library, University of Abuja | 07/02/2025 | 99/916086 | HD2326.S39 | 2025-2766 | Books |